00201nam a2200085Ia 4500008004100000100001600041245004300057260000900100300000600109180219s9999 xx 000 0 und d aKumar Sunil 0aRepair And Maintenance Of Equipments 2 c2015 a0